000 00628cam a22001938i 4500
999 _c58420
_d58420
001 21447979
005 20221107113037.0
008 200226s2020 enk b 001 0 eng
020 _a9780367140151x
041 _aeng
080 _a371 E-61
100 1 _aEphgrave, Anna
_913450
245 1 0 _aPlanning in the moment with two and three year olds :
_bchild-initiated play in action /
_cAnna Ephgrave.
264 1 _aLondon :
_bRoutledge,
_c2020.
300 _a296 pages ;
_b30 cm.
653 _aსკოლამდელი განთლება
653 _aДошкольное образование
942 _2udc
_cBK